[Event "Santiago Honour Series"]
[Site "Santiago de Chile"]
[Date "2016.09.12"]
[Round "3.13"]
[White "Bulgarini Torre, Marco"]
[Black "Silva Villalon, Rodolfo"]
[Result "1-0"]
[WhiteElo "1926"]
[BlackElo "1969"]
[PlyCount "71"]
[EventDate "2016.08.29"]
[EventType "swiss"]
[EventRounds "7"]
[EventCountry "CHI"]
[SourceTitle "EXT 2024"]
[Source "ChessBase"]
[SourceDate "2023.10.10"]
[SourceVersion "1"]
[SourceVersionDate "2023.10.10"]
[SourceQuality "1"]

1. e4 b6 2. d4 Bb7 3. Bd3 e6 4. Ne2 c5 5. c3 f5 6. f3 fxe4 7. fxe4 Qh4+ 8. g3 Qh5 9. 0-0 Nf6 10. Qe1 Kd8 11. Nf4 Qe8 12. Nd2 Be7 13. Nf3 cxd4 14. cxd4 Nc6 15. e5 Nh5 16. Be4 Nxf4 17. Bxf4 Qh5 18. Rc1 Rc8 19. a3 g5 20. Be3 Rf8 21. b4 Ba6 22. Rf2 g4 23. Nh4 Rxf2 24. Qxf2 Kc7 25. Ng2 Rf8 26. Nf4 Qf7 27. d5 exd5 28. Nxd5+ Kd8 29. Bxb6+ axb6 30. Qxb6+ Ke8 31. Nc7+ Kd8 32. Nxa6+ Ke8 33. Nc7+ Kd8 34. Ne6+ Ke8 35. Nxf8 Bxf8 36. Bxc6 1-0

[Event "CHI-chT"]
[Site "Chile"]
[Date "2010.11.23"]
[Round "6"]
[White "Bartucevic Sanchez, Diego"]
[Black "Silva Villalon, Rodolfo"]
[Result "0-1"]
[WhiteElo "2002"]
[BlackElo "1896"]
[PlyCount "110"]
[EventDate "2010.10.19"]
[EventType "team"]
[EventRounds "9"]
[EventCountry "CHI"]
[SourceTitle "EXT 2012"]
[Source "ChessBase"]
[SourceDate "2011.11.24"]
[SourceVersion "1"]
[SourceVersionDate "2011.11.24"]
[SourceQuality "1"]

1. e4 e6 2. d3 c5 3. f4 Nc6 4. Nf3 Qc7 5. Be2 b6 6. Nc3 a6 7. Be3 Bb7 8. 0-0 d6 9. f5 Nf6 10. fxe6 fxe6 11. Ng5 Qe7 12. Bg4 Bc8 13. Rxf6 Qxf6 14. Qe2 Ne5 15. Rf1 Qe7 16. Bh3 h6 17. Nf3 Nxf3+ 18. Qxf3 g6 19. e5 d5 20. d4 Bd7 21. Qg4 Rg8 22. Rf6 0-0-0 23. Qf3 cxd4 24. Bxd4 Qb4 25. Qd3 Bc5 26. Qxa6+ Kb8 27. Bxc5 Qxc5+ 28. Kh1 Rgf8 29. Qe2 d4 30. Ne4 Qxe5 31. Qf1 Rxf6 32. Nxf6 Bb5 33. Qf2 Qe3 34. Ng4 Qxf2 35. Nxf2 Rf8 36. Kg1 e5 37. g3 Bc6 38. Kf1 Kc7 39. Ke1 Kd6 40. Nd3 e4 41. Nf4 g5 42. Ne6 Ra8 43. Nxd4 Rxa2 44. b4 Bd7 45. Bxd7 Kxd7 46. Kd2 Ra1 47. h4 gxh4 48. gxh4 Rh1 49. Ke3 Rxh4 50. Nf5 Rh2 51. Kxe4 Rxc2 52. Kd3 Rh2 53. Kd4 h5 54. Ng3 Kc6 55. Kc4 Rh4+ 0-1

[Event "Santiago Endesa Interempresas tt-B"]
[Site "Santiago de Chile"]
[Date "2008.08.19"]
[Round "5"]
[White "Hernandez Riera, Jose de Jesus"]
[Black "Silva Villalon, Rodolfo"]
[Result "1-0"]
[WhiteElo "2074"]
[BlackElo "2135"]
[PlyCount "75"]
[EventDate "2008.07.22"]
[EventType "team"]
[EventRounds "11"]
[EventCountry "CHI"]
[SourceTitle "EXT 2012"]
[Source "ChessBase"]
[SourceDate "2011.11.24"]
[SourceVersion "1"]
[SourceVersionDate "2011.11.24"]
[SourceQuality "1"]

1. d4 Nf6 2. c4 c5 3. e3 g6 4. Nf3 Bg7 5. Be2 0-0 6. 0-0 cxd4 7. Nxd4 Nc6 8. Nc3 d6 9. b3 Bd7 10. Bb2 Rc8 11. Rc1 Qa5 12. Bf3 a6 13. Qe2 Qb6 14. Na4 Qa7 15. Nxc6 bxc6 16. c5 d5 17. Qd2 Bg4 18. Bxf6 Bxf3 19. Bxg7 Bxg2 20. Bxf8 Bxf1 21. Rxf1 Rxf8 22. f4 Qd7 23. Nb2 Qg4+ 24. Qg2 Qf5 25. Qe2 a5 26. Nd3 f6 27. a3 Rb8 28. b4 axb4 29. Nxb4 Qd7 30. e4 e6 31. e5 Rb5 32. Rc1 f5 33. Qe3 Ra5 34. Rc2 Qb7 35. h4 Qa8 36. Rc3 Kf7 37. h5 gxh5 38. Qh3 1-0

[Event "CHI-chT"]
[Site "Santiago de Chile"]
[Date "2007.11.20"]
[Round "6"]
[White "Silva Villalon, Rodolfo"]
[Black "Cabrera Gonzalez, Sergio"]
[Result "0-1"]
[WhiteElo "2135"]
[BlackElo "2088"]
[PlyCount "42"]
[EventDate "2007.10.16"]
[EventType "team-tourn"]
[EventRounds "9"]
[EventCountry "CHI"]
[SourceTitle "EXT 2012"]
[Source "ChessBase"]
[SourceDate "2011.11.24"]
[SourceVersion "1"]
[SourceVersionDate "2011.11.24"]
[SourceQuality "1"]

1. e4 e5 2. Nc3 f5 3. Bc4 Nf6 4. d3 Nc6 5. Nf3 Bc5 6. Qe2 d6 7. Bg5 Na5 8. Nd5 Nxc4 9. Bxf6 gxf6 10. dxc4 c6 11. Nc3 Bb4 12. Nh4 fxe4 13. Qh5+ Ke7 14. 0-0 Bxc3 15. bxc3 Be6 16. f4 Kd7 17. fxe5 fxe5 18. Rad1 Qb6+ 19. Kh1 Raf8 20. Rxf8 Rxf8 21. Qxe5 Rf1+ 0-1

[Event "Santiago Endesa Clasification"]
[Site "Santiago de Chile"]
[Date "2007.08.17"]
[Round "2"]
[White "Velasquez Ojeda, Cesar"]
[Black "Silva Villalon, Rodolfo"]
[Result "1-0"]
[WhiteElo "2282"]
[BlackElo "2135"]
[PlyCount "79"]
[EventDate "2007.08.13"]
[EventType "swiss"]
[EventRounds "9"]
[EventCountry "CHI"]
[SourceTitle "EXT 2008"]
[Source "ChessBase"]
[SourceDate "2007.11.25"]
[SourceVersion "1"]
[SourceVersionDate "2007.11.25"]
[SourceQuality "1"]

1. e4 c5 2. Nf3 Nc6 3. d4 cxd4 4. Nxd4 Nf6 5. Nc3 d6 6. Bc4 g6 7. Nxc6 bxc6 8. e5 Nd7 9. exd6 exd6 10. 0-0 Ne5 11. Re1 Be7 12. Be2 0-0 13. Bh6 Re8 14. f4 Nd7 15. Bf3 Bb7 16. Kh1 d5 17. Qd2 Bf6 18. Rxe8+ Qxe8 19. Re1 Qd8 20. Nd1 Nb6 21. b3 Nc8 22. Nf2 Nd6 23. Ng4 Bh8 24. Bg5 f6 25. Nh6+ Kf8 26. Bh4 Bg7 27. Ng4 Kf7 28. Ne5+ Kg8 29. Bg4 g5 30. Be6+ Kh8 31. Qb4 fxe5 32. Bxg5 Qf8 33. f5 Bc8 34. f6 Bxe6 35. fxg7+ Kxg7 36. Qc3 Nf7 37. Rf1 Nxg5 38. Qxe5+ Kg6 39. Rxf8 Rxf8 40. h4 1-0

[Event "Santiago Endesa 09"]
[Site "Santiago de Chile"]
[Date "2007.07.??"]
[Round "4"]
[White "Carmona Rosales, Jose Luis"]
[Black "Silva Villalon, Rodolfo"]
[Result "0-1"]
[WhiteElo "2192"]
[BlackElo "2135"]
[PlyCount "120"]
[EventDate "2007.07.??"]
[EventType "tourn"]
[EventRounds "9"]
[EventCountry "CHI"]
[SourceTitle "EXT 2008"]
[Source "ChessBase"]
[SourceDate "2007.11.25"]
[SourceVersion "1"]
[SourceVersionDate "2007.11.25"]
[SourceQuality "1"]

1. d4 Nf6 2. Nf3 g6 3. Bf4 Bg7 4. h3 c5 5. e3 0-0 6. Nbd2 b6 7. Be2 Bb7 8. 0-0 d6 9. c3 Nbd7 10. a4 Nd5 11. Bg3 f5 12. Ng5 Nc7 13. Bf3 Bxf3 14. Ndxf3 h6 15. Qb3+ Kh8 16. Nf7+ Rxf7 17. Qxf7 Qe8 18. Qxe8+ Rxe8 19. Rfd1 Nf6 20. Kf1 Ne6 21. Bh2 Kg8 22. Rab1 Rc8 23. d5 Nc7 24. c4 a5 25. Ne1 Kf7 26. f3 Rf8 27. Ke2 Nd7 28. Nd3 g5 29. g4 fxg4 30. hxg4 Na6 31. Bg3 Nb4 32. Nxb4 cxb4 33. b3 Kg6 34. Rf1 Nf6 35. Kd3 Nd7 36. Bh2 Nc5+ 37. Kc2 Nd7 38. Rbe1 Rc8 39. e4 Bc3 40. Re2 Rf8 41. Bg1 Nf6 42. Bxb6 Nxg4 43. Bxa5 Ne5 44. Bb6 Nxf3 45. Ref2 g4 46. a5 h5 47. a6 Ra8 48. Rxf3 gxf3 49. a7 Rf8 50. Rxf3 Ra8 51. Be3 h4 52. Rf5 Bf6 53. Bg1 h3 54. Rf2 Bd4 55. Rg2+ hxg2 56. Bxd4 Kf7 57. Bg1 Ke8 58. Kd3 Kd7 59. c5 dxc5 60. Kc4 Rxa7 0-1

[Event "Santiago Endesa 05"]
[Site "Santiago de Chile"]
[Date "2007.04.23"]
[Round "2"]
[White "Silva Villalon, Rodolfo"]
[Black "Cuevas Araya, Walter"]
[Result "1/2-1/2"]
[WhiteElo "2135"]
[BlackElo "2158"]
[PlyCount "134"]
[EventDate "2007.04.18"]
[EventType "tourn"]
[EventRounds "9"]
[EventCountry "CHI"]
[SourceTitle "EXT 2008"]
[Source "ChessBase"]
[SourceDate "2007.11.25"]
[SourceVersion "1"]
[SourceVersionDate "2007.11.25"]
[SourceQuality "1"]

1. e4 c6 2. d4 d5 3. e5 Bf5 4. f4 e6 5. Nf3 Nd7 6. Bd3 Bxd3 7. Qxd3 Ne7 8. Nbd2 Nf5 9. c3 c5 10. 0-0 c4 11. Qe2 h5 12. Ng5 Be7 13. Ndf3 g6 14. Bd2 Rc8 15. b4 Nf8 16. a4 Nh7 17. Nh3 Qd7 18. Rfb1 a6 19. a5 Ra8 20. Nf2 Bd8 21. Nd1 0-0 22. Be1 b6 23. axb6 Bxb6 24. Ra3 Ra7 25. Rba1 Rfa8 26. h3 a5 27. bxa5 Rxa5 28. Rxa5 Rxa5 29. Rxa5 Bxa5 30. g4 hxg4 31. hxg4 Ng7 32. Qa2 Qb5 33. Nd2 Nf8 34. Bh4 Nd7 35. Kf1 Ne8 36. Be7 Bb6 37. Qa8 Nf8 38. Kf2 Nh7 39. Nf3 Kg7 40. Bb4 Nc7 41. Qc8 Qa4 42. Ne3 Qa2+ 43. Kg3 Qa8 44. Qxa8 Nxa8 45. f5 gxf5 46. gxf5 Nc7 47. f6+ Kg6 48. Kg4 Nb5 49. Ng2 Bd8 50. Nf4+ Kh6 51. Kh4 Nxf6 52. exf6 Bxf6+ 53. Kg4 Bd8 54. Ne5 Kg7 55. Nh5+ Kg8 56. Nc6 f5+ 57. Kf4 Bc7+ 58. Kf3 Kf7 59. Ne5+ Bxe5 60. dxe5 d4 61. cxd4 c3 62. Ng3 Nxd4+ 63. Kf4 c2 64. Bd2 Nb3 65. Be3 c1Q 66. Bxc1 Nxc1 67. Nxf5 exf5 1/2-1/2

[Event "Las Condes zt 2.5"]
[Site "Las Condes"]
[Date "2005.11.11"]
[Round "8"]
[White "Silva Villalon, Rodolfo"]
[Black "Richter, Hans S"]
[Result "0-1"]
[WhiteElo "2179"]
[BlackElo "2144"]
[PlyCount "62"]
[EventDate "2005.11.07"]
[EventType "swiss"]
[EventRounds "9"]
[EventCountry "CHI"]
[SourceTitle "EXT 2006"]
[Source "ChessBase"]
[SourceDate "2005.11.24"]
[SourceVersion "1"]
[SourceVersionDate "2005.11.24"]
[SourceQuality "1"]

1. e4 c5 2. Nf3 e6 3. d4 cxd4 4. Nxd4 a6 5. Be2 Nf6 6. Bf3 Qc7 7. 0-0 Nc6 8. Nxc6 bxc6 9. c4 d6 10. Bd2 Be7 11. Bc3 e5 12. Nd2 Be6 13. Rc1 a5 14. Qa4 Nd7 15. Qc2 0-0 16. Be2 Bg5 17. Rcd1 Nc5 18. Nf3 Bh6 19. Bd2 Bxd2 20. Rxd2 f5 21. Bd3 fxe4 22. Bxe4 Nxe4 23. Qxe4 Rf4 24. Qd3 Bxc4 25. Qxd6 Qxd6 26. Rxd6 Bxf1 27. Kxf1 Raf8 28. Nxe5 Rxf2+ 29. Ke1 Rxb2 30. Nxc6 Rxa2 31. Rd7 Rxg2 0-1

[Event "Santiago Mayor CALF"]
[Site "Santiago de Chile"]
[Date "2004.09.04"]
[Round "3.1"]
[White "Silva Villalon, Rodolfo"]
[Black "Brock, Friedemann"]
[Result "0-1"]
[WhiteElo "2188"]
[BlackElo "2249"]
[PlyCount "102"]
[EventDate "2004.08.29"]
[EventType "swiss"]
[EventRounds "9"]
[EventCountry "CHI"]
[SourceTitle "EXT 2005"]
[Source "ChessBase"]
[SourceDate "2004.11.15"]
[SourceVersion "1"]
[SourceVersionDate "2004.11.15"]
[SourceQuality "1"]

1. e4 c5 2. Nf3 d6 3. d4 cxd4 4. Nxd4 Nf6 5. Nc3 Nc6 6. Be2 g6 7. Be3 Bg7 8. Qd2 0-0 9. f3 d5 10. exd5 Nxd5 11. Nxd5 Qxd5 12. Nxc6 Qxc6 13. 0-0-0 Be6 14. Kb1 Rfc8 15. g4 Qa4 16. b3 Qa3 17. Qc1 Qb4 18. Rd3 b5 19. Rhd1 Qa5 20. Bd4 Qc7 21. Bxg7 Kxg7 22. f4 a5 23. Bf3 Ra7 24. h3 a4 25. Bd5 Bxd5 26. Rxd5 axb3 27. cxb3 Qxc1+ 28. Rxc1 Rxc1+ 29. Kxc1 Rxa2 30. Rxb5 Rh2 31. Rc5 Rxh3 32. Kc2 h5 33. gxh5 Rxh5 34. Rc7 e5 35. fxe5 Rxe5 36. Kd3 g5 37. b4 g4 38. Kd4 Kf6 39. Rc3 Ke6 40. Rb3 Rd5+ 41. Ke4 f5+ 42. Kf4 Rb5 43. Re3+ Kd6 44. Rb3 Kd5 45. Rc3 Kd4 46. Rc8 Kd3 47. Rc7 Ke2 48. Rc2+ Kf1 49. Rc1+ Kg2 50. Rc5 Rxb4+ 51. Kxf5 g3 0-1

[Event "Maipu Magistral 2nd"]
[Site "Maipu"]
[Date "2003.10.30"]
[Round "4.3"]
[White "Pinto Pinares, Marcelo"]
[Black "Silva Villalon, Rodolfo"]
[Result "1/2-1/2"]
[WhiteElo "2231"]
[BlackElo "2235"]
[PlyCount "103"]
[EventDate "2003.10.26"]
[EventType "tourn"]
[EventRounds "11"]
[EventCountry "CHI"]
[EventCategory "2"]
[SourceTitle "CBM 097 Extra"]
[Source "ChessBase"]
[SourceDate "2004.01.13"]
[SourceVersion "1"]
[SourceVersionDate "2004.01.13"]
[SourceQuality "1"]

1. e4 e6 2. d3 c5 3. Nf3 Nc6 4. g3 d5 5. Nbd2 Nf6 6. Bg2 Be7 7. 0-0 0-0 8. e5 Nd7 9. Re1 Qc7 10. Qe2 b5 11. Nf1 Rb8 12. h4 a5 13. Bf4 Nb6 14. Ne3 Bb7 15. h5 d4 16. Ng4 Nd5 17. Bd2 Ncb4 18. Bg5 Bxg5 19. Nxg5 Qe7 20. Ne4 f5 21. exf6 gxf6 22. a3 Na6 23. Nd2 Nac7 24. Nh6+ Kh8 25. Nf5 Qd7 26. Nh4 a4 27. Ne4 Qe7 28. Qd2 Kg7 29. Bh3 Rbe8 30. Bf5 Bc8 31. Re2 exf5 32. Nc3 Qf7 33. Nxd5 Qxd5 34. Rae1 Rxe2 35. Rxe2 Re8 36. h6+ Kf8 37. Rxe8+ Nxe8 38. Qf4 Bb7 39. Kf1 Nd6 40. Qd2 Nf7 41. Qa5 Bc6 42. Qc7 Nxh6 43. Qxh7 Ng8 44. Ke1 Ne7 45. Kd2 c4 46. Qh6+ Kf7 47. Qf4 Qe5 48. Qh6 Ke8 49. Kd1 Qd5 50. Qf4 Qh1+ 51. Kd2 Nd5 52. Qxd4 1/2-1/2

[Event "La Florida CALF op"]
[Site "La Florida"]
[Date "2003.??.??"]
[Round "5.3"]
[White "Silva Villalon, Rodolfo"]
[Black "Labra Carreno, Martin"]
[Result "1-0"]
[WhiteElo "2235"]
[BlackElo "2160"]
[PlyCount "63"]
[EventDate "2003.09.27"]
[EventType "swiss"]
[EventRounds "6"]
[EventCountry "CHI"]
[SourceTitle "CBM 097 Extra"]
[Source "ChessBase"]
[SourceDate "2004.01.13"]
[SourceVersion "1"]
[SourceVersionDate "2004.01.13"]
[SourceQuality "1"]

1. e4 c5 2. Nf3 e6 3. d4 cxd4 4. Nxd4 Nc6 5. Nb5 d6 6. Bf4 e5 7. Be3 Be6 8. c4 Be7 9. N1c3 a6 10. Na3 Nf6 11. Nc2 0-0 12. Be2 Qa5 13. 0-0 Rfd8 14. h3 h6 15. Qd2 Kh7 16. Rfd1 Rac8 17. a3 Qc7 18. Rac1 Bf8 19. Ne1 Nd7 20. Nd5 Qb8 21. Bd3 Ne7 22. Nb6 Rc6 23. Nd5 Ng6 24. Nf3 Rdc8 25. Qe2 Nc5 26. Bc2 Bxd5 27. exd5 R6c7 28. Nh4 Be7 29. Nxg6 fxg6 30. Qg4 Rh8 31. Bxg6+ Kg8 32. Bxc5 1-0

[Event "CHI-ch "]
[Site "Santiago de Chile"]
[Date "2002.02.15"]
[Round "4"]
[White "Pineda Polanco, Adolfo"]
[Black "Silva Villalon, Rodolfo"]
[Result "1-0"]
[WhiteElo "2272"]
[BlackElo "2127"]
[PlyCount "93"]
[EventDate "2002.02.12"]
[EventType "swiss"]
[EventRounds "11"]
[EventCountry "CHI"]
[SourceTitle "CBM 086 Extra"]
[Source "ChessBase"]
[SourceDate "2002.03.14"]
[SourceVersion "1"]
[SourceVersionDate "2002.03.14"]
[SourceQuality "1"]

1. e4 e6 2. d4 d5 3. e5 c5 4. c3 Nc6 5. Nf3 Bd7 6. dxc5 Bxc5 7. Bd3 Qb6 8. Qe2 f6 9. Bf4 a5 10. h4 0-0-0 11. 0-0 Nge7 12. a4 Ng6 13. Bxg6 hxg6 14. Na3 g5 15. hxg5 fxg5 16. Nxg5 Rdf8 17. g3 Rf5 18. Kg2 Qd8 19. Nh3 g5 20. Nxg5 Rxg5 21. Bxg5 Qxg5 22. f4 Qg6 23. Rh1 Rg8 24. Rh3 d4 25. Qh5 Qe4+ 26. Qf3 Qxf3+ 27. Kxf3 dxc3 28. bxc3 Ne7 29. Nb5 Bc6+ 30. Ke2 Nf5 31. Kd3 Bg2 32. Rh2 Rxg3+ 33. Kc4 Be7 34. Rh8+ Kd7 35. Rd1+ Bd5+ 36. Rxd5+ exd5+ 37. Kxd5 Ne3+ 38. Ke4 Nd1 39. f5 Rg4+ 40. Kf3 Rxa4 41. Rh7 Kd8 42. f6 Bxf6 43. exf6 Nxc3 44. Nxc3 Ra3 45. Rh8+ Kd7 46. f7 Ke7 47. f8Q+ 1-0

[Event "Santiago op"]
[Site "Santiago de Chile"]
[Date "1997.??.??"]
[Round "8"]
[White "Utman, Carlos"]
[Black "Silva Villalon, Rodolfo"]
[Result "1-0"]
[WhiteElo "2135"]
[BlackElo "2005"]
[PlyCount "71"]
[EventDate "1997.??.??"]
[EventType "swiss"]
[EventRounds "9"]
[EventCountry "CHI"]
[SourceTitle "EXT 1998"]
[Source "ChessBase"]
[SourceDate "1997.11.17"]
[SourceVersion "1"]
[SourceVersionDate "1997.11.17"]
[SourceQuality "1"]

1. e4 e6 2. d4 d5 3. Nc3 Bb4 4. Nge2 dxe4 5. a3 Bxc3+ 6. Nxc3 Nc6 7. Bb5 Nge7 8. Nxe4 Qd5 9. Qd3 f5 10. Ng3 0-0 11. Bg5 f4 12. Ne4 Nf5 13. Bxf4 Nfxd4 14. Bc4 Qa5+ 15. Bd2 Qh5 16. c3 Nf5 17. Qe2 Qg6 18. f4 Nd6 19. Bd3 Nxe4 20. Bxe4 Qf6 21. 0-0-0 Bd7 22. g4 Rad8 23. h4 Qe7 24. Bc2 e5 25. Qe4 g6 26. h5 Bxg4 27. hxg6 h5 28. Rdg1 Qd6 29. g7 Qxd2+ 30. Kb1 Ne7 31. Qh7+ Kf7 32. g8Q+ Ke8 33. Qgg6+ Kd7 34. Rxg4 Kc8 35. Qe6+ Kb8 36. Qexe7 1-0